Micro Accounting Entities in the Slovak Republic - A Year after an Introduction

Vymedzenie pojmu mikro účtovná jednotka. Prijatie finančných výkazov mikro účtovnej jednotky.

Enregistré dans:
Détails bibliographiques
Auteur principal: Parajka, Branislav, 1981-
Format: Chapitre de livre
Langue:anglais
Sujets:
Tags: Ajouter un tag
Pas de tags, Soyez le premier à ajouter un tag!

MARC

LEADER 00000naa a2200000 4500
001 0224965
005 20240502083600.4
041 0 |a eng 
044 |a RS 
245 1 0 |a Micro Accounting Entities in the Slovak Republic - A Year after an Introduction  |c Branislav Parajka 
520 |a Vymedzenie pojmu mikro účtovná jednotka. Prijatie finančných výkazov mikro účtovnej jednotky. 
610 2 0 |a jednotka účtovná 
610 2 0 |a podnik malý 
610 2 0 |a Slovensko 
610 2 0 |a výkazy finančné 
610 2 0 |a výkazy účtovné 
610 2 0 |a reporting 
610 2 0 |a závierka účtovná 
100 1 |a Parajka, Branislav, 1981-